000 00547nam a22002057a 4500
003 OSt
005 20161013184250.0
008 161013b xxu||||| |||| 00| 0 eng d
020 _a9781615251230
040 _cDMLN
082 _aWW141 B373r 2010
100 _4Edited by Richard A. Harper
245 _aBasic Ophthalmology
250 _a9th ed.
260 _aSan Francisco; American of Ophthalmology, 2010
300 _axix,219p; col.ill: 24cm
504 _aReferences, & index included
650 _aOphthalmology
_9338
942 _2z
_cSLOAN
999 _c5350
_d5350